| 000 | 00729nam a22002415i 4500 | ||
|---|---|---|---|
| 001 | 18686 | ||
| 003 | ES-MaACL | ||
| 007 | t| | ||
| 008 | 020228s1996 sp ||||0| spa j | ||
| 020 | _a84-88787-10-3 | ||
| 040 |
_aM-BN _bspa _cM-BN |
||
| 080 | _a27 | ||
| 100 | 1 |
_aCierva, Ricardo de la, _d1926-2015 _938790 |
|
| 245 | 1 | 4 |
_aLas puertas del infierno _b: la historia de la Iglesia jamás contada / _cRicardo de la Cierva. |
| 250 | _a3ª ed. | ||
| 260 |
_aMadridejos, Toledo : _bFénix, _c1996. |
||
| 300 |
_a919 p ; _c24 cm. |
||
| 490 | 1 | _aSerie máxima | |
| 610 | 2 | 4 |
_aIglesia Católica- _yS.XX _94658 |
| 830 | 0 |
_aSerie máxima _9180512 |
|
| 852 |
_aES-MaACL _jG-4662 _bR.130905 |
||
| 999 |
_c18686 _d18686 |
||